000 00539nam a2200229Ia 4500
003 OSt
005 20221005121723.0
006 a|||||r|||| 00| 0
007 ta
008 221004b |||||||| |||| 00| 0 eng d
024 _a32076
037 _cTextual
040 _aCRL
_cCRL
_beng
041 _2eng
_aeng
082 _a902, F9
100 _aPole D Graham
_9631019
245 0 _aI refer to India.
260 _c1929
650 _aGENERALIA
942 _h902, F9
_cTEXL
_2cc
999 _c1042047
_d1042047